[Event "SR 5. liga SE-SI 2014/2015"]
[Site "?"]
[Date "2014.11.15"]
[Round "3.2"]
[White "Svarc, Vaclav"]
[Black "Fajtakova, Silvia"]
[Result "0-1"]
[WhiteElo "1094"]
[BlackElo "1188"]
[PlyCount "80"]
[EventDate "2014.??.??"]

1. e4 e5 2. Nf3 Nc6 3. Bb5 a6 4. Bxc6 dxc6 5. Nxe5 Qd4 6. Nxf7 Qxe4+ 7. Qe2
Qxe2+ 8. Kxe2 Kxf7 9. Re1 Nf6 10. Kf1 Bf5 11. d3 Bc5 12. Re2 Rhe8 13. Be3 Bxe3
14. Rxe3 Rxe3 15. fxe3 Ng4 16. e4 Be6 17. Nd2 Ne3+ 18. Kg1 Kg8 19. Re1 Nxc2 20.
Re2 Nd4 21. Rf2 Rf8 22. Rxf8+ Kxf8 23. b3 Nc2 24. Nf3 Nb4 25. Ng5 Bd7 26. Nxh7+
Ke7 27. a3 Nxd3 28. g4 Bxg4 29. Kg2 Be6 30. h4 Bxb3 31. Kg3 c5 32. h5 c4 33.
Kf3 c3 34. Ke3 c2 35. Kxd3 c1=Q 36. e5 Qc2+ 37. Kd4 Qxh7 38. Kc3 Qc2+ 39. Kb4
Qc4+ 40. Ka5 b6# 0-1

[Event "SR 5. liga SE-SI 2014/2015"]
[Site "?"]
[Date "2014.11.15"]
[Round "3.3"]
[White "Holiencin, Filip"]
[Black "Harasta, Marian"]
[Result "1-0"]
[WhiteElo "1845"]
[BlackElo "1600"]
[PlyCount "63"]
[EventDate "2014.??.??"]

1. d4 d5 2. c4 c6 3. Nc3 e6 4. Nf3 Nf6 5. e3 h6 6. a3 Be7 7. Bd3 Nbd7 8. c5 b6
9. b4 a5 10. Bd2 O-O 11. O-O Nh7 12. Qc2 Ng5 13. Nxg5 Bxg5 14. f4 Be7 15. Ne2
Ba6 16. Kh1 Nf6 17. Ng3 Ng4 18. Bxa6 Rxa6 19. Qd3 Qa8 20. h3 Bh4 21. hxg4 Bxg3
22. Rf3 Bh4 23. Rh3 g5 24. g3 axb4 25. Bxb4 bxc5 26. Bxc5 Rb8 27. gxh4 gxf4 28.
g5 hxg5 29. hxg5 f5 30. gxf6 Kf7 31. Rh7+ Kxf6 32. Be7# 1-0

[Event "SR 5. liga SE-SI 2014/2015"]
[Site "?"]
[Date "2014.11.15"]
[Round "3.3"]
[White "Antalek, Rudolf"]
[Black "Vach, Jozef"]
[Result "0-1"]
[WhiteElo "1532"]
[BlackElo "1778"]
[PlyCount "172"]
[EventDate "2014.??.??"]

1. e4 e5 2. Nf3 Nc6 3. Bb5 a6 4. Ba4 d6 5. O-O b5 6. Bb3 Na5 7. d4 Nxb3 8. axb3
Bg4 9. c3 Nf6 10. Re1 Be7 11. Nbd2 O-O 12. h3 Bxf3 13. Nxf3 Nd7 14. Qd3 Bf6 15.
Be3 Re8 16. Nd2 exd4 17. Bxd4 Ne5 18. Qc2 c5 19. Be3 Qc7 20. c4 b4 21. f3 Nc6
22. Kh1 Qe7 23. f4 Bd4 24. Bxd4 Nxd4 25. Qd3 Qf6 26. g3 Nc6 27. Nf3 Qe6 28. Kg2
h6 29. Nh4 Qf6 30. Re2 Nd4 31. Rd2 Qe6 32. Re1 Rad8 33. Nf3 Nxf3 34. Qxf3 Qf6
35. Ra1 Ra8 36. Qd3 Qe6 37. Re1 Rad8 38. Qd5 Qc8 39. Red1 Kf8 40. e5 Qf5 41. g4
Qc8 42. exd6 Rd7 43. Kf3 Re6 44. Qf5 g6 45. Qc2 Qc6+ 46. Kf2 Rexd6 47. Rxd6
Rxd6 48. Rxd6 Qxd6 49. Qe4 Qd2+ 50. Qe2 Qxf4+ 51. Kg2 Qd4 52. Kf1 Qf6+ 53. Kg2
Kg7 54. Kh2 Qe6 55. Qd2 f5 56. gxf5 Qxf5 57. Kg2 Qg5+ 58. Qxg5 hxg5 59. Kf3 Kf6
60. Ke4 Ke6 61. Kf3 Kf5 62. Kg3 Ke5 63. Kg4 Kf6 64. Kg3 Kf5 65. Kf3 g4+ 66.
hxg4+ Ke5 67. Ke3 g5 68. Kf3 Kd4 69. Kf2 Ke4 70. Kg3 Ke3 71. Kg2 Kf4 72. Kh3
Kf3 73. Kh2 Kxg4 74. Kg2 Kf4 75. Kf2 Ke4 76. Ke2 g4 77. Kf2 Kd3 78. Kg3 Kc2 79.
Kxg4 Kxb3 80. Kf4 Kxb2 81. Ke5 Kc3 82. Kd5 b3 83. Kxc5 b2 84. Kb6 b1=Q+ 85.
Kxa6 Kxc4 86. Ka5 Qb5# 0-1

[Event "SR 5. liga SE-SI 2014/2015"]
[Site "?"]
[Date "2014.11.15"]
[Round "3.3"]
[White "Cambal, Peter"]
[Black "Bartos, Bohumil"]
[Result "0-1"]
[WhiteElo "1067"]
[BlackElo "1502"]
[PlyCount "62"]
[EventDate "2014.??.??"]

1. Nf3 d5 2. c4 e6 3. g3 Nf6 4. Bg2 Bc5 5. O-O Nc6 6. b3 O-O 7. Bb2 d4 8. e3 d3
9. Nc3 Re8 10. Na4 Qe7 11. Ng5 Ba3 12. Bxf6 Qxf6 13. h4 h6 14. Ne4 Qg6 15. Nec3
e5 16. Be4 Bf5 17. Bxf5 Qxf5 18. e4 Qg6 19. Qf3 Rad8 20. Nd5 Nd4 21. Qxd3 c6
22. Ndc3 Nxb3 23. Qe3 Nxa1 24. Rxa1 Be7 25. Kh1 b6 26. Nb2 Rd7 27. Nd3 f6 28.
a4 Red8 29. Nb2 Rxd2 30. Ra2 Bc5 31. Qf3 Rxf2 0-1

[Event "SR 5. liga SE-SI 2014/2015"]
[Site "?"]
[Date "2014.11.15"]
[Round "3.3"]
[White "Davidik, Miroslav"]
[Black "Horak, Viliam"]
[Result "1-0"]
[WhiteElo "1421"]
[BlackElo "1000"]
[PlyCount "79"]
[EventDate "2014.??.??"]

1. e4 e5 2. f4 Nc6 3. Nf3 d6 4. Bc4 Bg4 5. c3 Nf6 6. d3 Be7 7. O-O O-O 8. h3
Bxf3 9. Qxf3 a6 10. a4 Rb8 11. Na3 Na5 12. Ba2 c6 13. b4 Re8 14. bxa5 Qxa5 15.
Nb1 Qxa4 16. Bxf7+ Kxf7 17. Rxa4 Kg8 18. fxe5 dxe5 19. d4 exd4 20. cxd4 Rf8 21.
Bg5 h6 22. Bxf6 Bxf6 23. Qe3 Rbd8 24. e5 Bg5 25. Rxf8+ Rxf8 26. Qd3 Kh8 27. Nd2
Bxd2 28. Qxd2 Kg8 29. d5 cxd5 30. Qxd5+ Kh8 31. Qxb7 Re8 32. Qd5 Kh7 33. Rxa6
Kh8 34. Ra8 Rxa8 35. Qxa8+ Kh7 36. e6 Kg6 37. e7 Kh7 38. e8=Q h5 39. Qae4+ g6
40. Q4xg6# 1-0

[Event "SR 5. liga SE-SI 2014/2015"]
[Site "?"]
[Date "2014.11.15"]
[Round "3.3"]
[White "Matula, Tomas"]
[Black "Spacek, Jan"]
[Result "0-1"]
[WhiteElo "1000"]
[BlackElo "1119"]
[PlyCount "28"]
[EventDate "2014.??.??"]

1. d4 d5 2. Nc3 Bf5 3. f3 e6 4. Bf4 Bb4 5. Qd2 Ne7 6. e3 Ng6 7. Bb5+ c6 8. Ba4
b5 9. Bb3 Na6 10. O-O-O f6 11. e4 dxe4 12. d5 exf3 13. Nxf3 cxd5 14. Nxd5 Bxd2+
0-1

[Event "SR 5. liga SE-SI 2014/2015"]
[Site "?"]
[Date "2014.11.15"]
[Round "3.4"]
[White "Klimes, Juraj"]
[Black "Hrubos, Milan"]
[Result "0-1"]
[WhiteElo "1565"]
[BlackElo "1771"]
[PlyCount "62"]
[EventDate "2014.??.??"]

1. e4 c5 2. Nf3 d6 3. c3 Nf6 4. Be2 Nxe4 5. Qa4+ Nc6 6. Qxe4 e5 7. Qc2 Be7 8.
d3 Be6 9. Be3 f5 10. d4 f4 11. Bd2 O-O 12. dxe5 dxe5 13. Bd3 h6 14. Na3 a6 15.
Rd1 Qc7 16. O-O b5 17. Be4 Bd6 18. b3 Rae8 19. Nh4 Ne7 20. Bh7+ Kh8 21. Ng6+
Nxg6 22. Bxg6 Re7 23. Rfe1 Bg4 24. f3 Bd7 25. Qd3 c4 26. bxc4 Bxa3 27. cxb5
Bc5+ 28. Kh1 Bf2 29. Re2 Bxb5 30. c4 Bxc4 31. Qc3 Bxe2 0-1

[Event "SR 5. liga SE-SI 2014/2015"]
[Site "?"]
[Date "2014.11.15"]
[Round "3.4"]
[White "Cibula, Marian"]
[Black "Sefcik, Oliver"]
[Result "1/2-1/2"]
[WhiteElo "1000"]
[BlackElo "1000"]
[PlyCount "65"]
[EventDate "2014.??.??"]

1. e4 e5 2. Bc4 Nf6 3. d3 Bc5 4. Be3 Bxe3 5. fxe3 Nc6 6. Nc3 d6 7. Nf3 Bg4 8.
Qd2 O-O 9. d4 Re8 10. d5 Ne7 11. h3 Bxf3 12. gxf3 Qd7 13. O-O-O c6 14. Rdg1 Ng6
15. f4 exf4 16. exf4 Nxe4 17. Nxe4 Rxe4 18. Bb3 Rxf4 19. Rxg6 Qf5 20. Rgg1 Re8
21. Qc3 g6 22. dxc6 bxc6 23. Qd3 Qe5 24. Rf1 d5 25. Rxf4 Qxf4+ 26. Qd2 Qh4 27.
a3 Re4 28. c3 d4 29. cxd4 Rxd4 30. Qc3 Re4 31. Qd2 Rd4 32. Qe2 Re4 33. Qf1
1/2-1/2

[Event "SR 5. liga SE-SI 2014/2015"]
[Site "?"]
[Date "2014.11.15"]
[Round "3.4"]
[White "Daniel, Dusan"]
[Black "Skrabak, Jozef"]
[Result "1-0"]
[WhiteElo "1000"]
[BlackElo "1000"]
[PlyCount "87"]
[EventDate "2014.??.??"]

1. e4 e5 2. Nf3 Nc6 3. Bc4 Nf6 4. Nc3 Bc5 5. O-O O-O 6. d3 d6 7. Nd5 Bg4 8. Bg5
Qd7 9. Bxf6 Bh3 10. gxh3 Qxh3 11. Ng5 gxf6 12. Nxf6+ Kg7 13. Qg4 Qxg4+ 14. Nxg4
Rae8 15. c3 f6 16. Ne6+ Rxe6 17. Bxe6 Nd8 18. Bc4 h5 19. Ne3 Rh8 20. Rad1 a6
21. d4 b5 22. Bd5 c6 23. dxc5 dxc5 24. Bb3 c4 25. Bc2 a5 26. b4 Ne6 27. bxa5
Nf4 28. Kh1 h4 29. Rd7+ Kg6 30. Rfd1 h3 31. Rd8 Rh5 32. a6 Rg5 33. a7 Ne2 34.
Rg8+ Kh5 35. Rxg5+ Kxg5 36. a8=Q Kf4 37. Qc8 Kf3 38. Qf5+ Nf4 39. Qg4+ Kxf2 40.
Qg1+ Ke2 41. Qe1+ Kf3 42. Qg3+ Ke2 43. Ng4 Ng2 44. Qf2# 1-0

[Event "SR 5. liga SE-SI 2014/2015"]
[Site "?"]
[Date "2014.11.15"]
[Round "3.4"]
[White "Sekac, Martin"]
[Black "Sefcik, Marek"]
[Result "0-1"]
[WhiteElo "1000"]
[BlackElo "1000"]
[PlyCount "108"]
[EventDate "2014.??.??"]

1. e4 e5 2. Nf3 Nc6 3. Bb5 Bc5 4. O-O a6 5. Bc4 Nf6 6. d3 h6 7. b3 d6 8. Bb2
Bg4 9. Ba3 Bxa3 10. Nxa3 b5 11. Bxb5 axb5 12. Nxb5 O-O 13. Qc1 Bxf3 14. gxf3
Qb8 15. Nc3 Qb4 16. Na4 Rfe8 17. c3 Qb5 18. Qc2 Nh5 19. Rfe1 Re6 20. c4 Rg6+
21. Kh1 Nd4 22. Qc3 Ne2 23. cxb5 Nxc3 24. Nxc3 Nf4 25. Rg1 Re8 26. Rg4 Ree6 27.
Kg1 Nh3+ 28. Kf1 Ref6 29. Ke2 Nf4+ 30. Ke3 h5 31. Rg3 Ng2+ 32. Kd2 Rf4 33. Nd5
Rh4 34. Nxc7 Rxg3 35. fxg3 Rxh2 36. Re1 Nxe1+ 37. Kxe1 Rg2 38. b6 Rc2 39. Nd5
Kf8 40. b7 g6 41. b8=Q+ Kg7 42. Qe8 Rg2 43. Qe7 Rxg3 44. Ke2 Kh6 45. Nf6 h4 46.
d4 h3 47. Kf2 Rg2+ 48. Kf1 Kg5 49. Ng4+ Kf4 50. Qxf7+ Kg3 51. Qxg6 Kxf3 52. a4
Rxg4 53. Qe6 h2 54. Qh6 Rg1# 0-1

[Event "SR 5. liga SE-SI 2014/2015"]
[Site "?"]
[Date "2014.11.15"]
[Round "3.5"]
[White "Brunovsky, Peter"]
[Black "Drozd, Jan"]
[Result "1-0"]
[WhiteElo "1869"]
[BlackElo "1509"]
[PlyCount "69"]
[EventDate "2014.??.??"]

1. d4 Nf6 2. Nf3 e6 3. Bf4 d5 4. e3 Nbd7 5. Bd3 Be7 6. h3 c5 7. c3 c4 8. Bc2 b5
9. a3 Bb7 10. Nbd2 O-O 11. O-O h6 12. Re1 Re8 13. Bh2 Ne4 14. Ne5 Nxe5 15. Bxe5
Nxd2 16. Qxd2 Bf6 17. Rf1 Bxe5 18. dxe5 f5 19. Qd4 Qe7 20. g4 Rf8 21. Kh2 Qh4
22. gxf5 Qxd4 23. exd4 exf5 24. f4 Bc8 25. Rg1 Be6 26. Rg6 Bf7 27. Ra6 g6 28.
Rg1 Kh7 29. h4 Rfe8 30. h5 Re6 31. hxg6+ Kg7 32. gxf7+ Kxf7 33. Rxe6 Kxe6 34.
Rg6+ Kf7 35. Bxf5 1-0

[Event "SR 5. liga SE-SI 2014/2015"]
[Site "?"]
[Date "2014.11.15"]
[Round "3.5"]
[White "Vasek, Rudolf"]
[Black "Butas, Adam"]
[Result "1-0"]
[WhiteElo "1470"]
[BlackElo "1000"]
[PlyCount "107"]
[EventDate "2014.??.??"]

1. d4 d5 2. f4 Bf5 3. Nf3 e6 4. Nc3 Nf6 5. e3 h6 6. Ne5 Nc6 7. a3 Nxe5 8. fxe5
Ne4 9. Nxe4 Bxe4 10. c3 Be7 11. Qg4 O-O 12. h4 Bf5 13. Qg3 c6 14. Bd2 Qb6 15.
Bc1 Qb3 16. Qf2 Qc2 17. Qxc2 Bxc2 18. Be2 Be4 19. Bf3 f6 20. Bxe4 dxe4 21. O-O
fxe5 22. Rxf8+ Rxf8 23. g3 g6 24. Bd2 g5 25. hxg5 Bxg5 26. Rf1 Bf6 27. Kg2 exd4
28. exd4 h5 29. Rh1 Bg7 30. Rxh5 Rf5 31. Rh4 Bf6 32. Rxe4 Kf7 33. g4 Rd5 34.
Be3 Bg5 35. Bxg5 Rxg5 36. Kf3 Kf6 37. Kf4 b5 38. Re5 Rg7 39. g5+ Ke7 40. Kg4
Rg6 41. Kh5 Kf7 42. Rc5 e5 43. Rxe5 Kg7 44. Re7+ Kf8 45. Rxa7 Rg7 46. Ra8+ Kf7
47. Ra7+ Kg8 48. Rxg7+ Kxg7 49. g6 Kh8 50. Kh6 Kg8 51. g7 b4 52. axb4 c5 53.
dxc5 Kf7 54. Kh7 1-0

[Event "SR 5. liga SE-SI 2014/2015"]
[Site "?"]
[Date "2014.11.15"]
[Round "3.5"]
[White "Hyza, Richard"]
[Black "Sukopcak, Miroslav"]
[Result "0-1"]
[WhiteElo "1000"]
[BlackElo "1657"]
[PlyCount "110"]
[EventDate "2014.??.??"]

1. e4 c5 2. d3 e5 3. Nf3 d6 4. Nc3 a6 5. Be2 Nc6 6. Nd5 Be6 7. Be3 h6 8. c3
Bxd5 9. exd5 Nce7 10. c4 Qd7 11. Qd2 Nf6 12. O-O-O Ng6 13. g3 Be7 14. Nh4 Nxh4
15. gxh4 b5 16. a3 a5 17. Kc2 b4 18. Rb1 Qa4+ 19. b3 Qd7 20. axb4 axb4 21. Ra1
Rb8 22. Kd1 Qh3 23. Qa2 Nd7 24. Rg1 g6 25. Bg4 Qxh4 26. h3 Nb6 27. Ke2 h5 28.
Qa7 O-O 29. Bf3 Rfe8 30. Rg2 Ra8 31. Qxb6 Rxa1 32. Qc6 Ra2+ 33. Bd2 Raa8 34.
Rg1 Qxh3 35. Rh1 Qc8 36. Qxc8 Rexc8 37. Rg1 Kh7 38. Ke3 Ra3 39. Bd1 f5 40. Ke2
Rf8 41. Bc1 Ra2+ 42. Bd2 f4 43. f3 g5 44. Rh1 Kg6 45. Rh2 Rf7 46. Rg2 Kf5 47.
Kf1 Rg7 48. Ke1 g4 49. fxg4+ hxg4 50. Rh2 Kg5 51. Bxf4+ Kxf4 52. Rxa2 Bh4+ 53.
Kd2 g3 54. Kc1 g2 55. Rxg2 Rxg2 0-1

[Event "SR 5. liga SE-SI 2014/2015"]
[Site "?"]
[Date "2014.11.15"]
[Round "3.5"]
[White "Lauko, Lukas"]
[Black "Daniel, Jakub"]
[Result "1-0"]
[WhiteElo "1000"]
[BlackElo "1000"]
[PlyCount "47"]
[EventDate "2014.??.??"]

1. e4 e5 2. d3 Nf6 3. Be3 d6 4. h3 c6 5. Be2 d5 6. exd5 cxd5 7. d4 e4 8. Nc3
Bd6 9. Bg5 h6 10. Bxf6 gxf6 11. Nxd5 Be6 12. Ne3 Nc6 13. d5 Nd4 14. Qxd4 Qa5+
15. c3 Bxd5 16. Nxd5 Qd8 17. Qxe4+ Kf8 18. Nf3 Qd7 19. Nxf6 Qc7 20. O-O Qb6 21.
Nd7+ Kg7 22. Nxb6 Rae8 23. Qg4+ Kh7 24. Bd3+ 1-0

[Event "SR 5. liga SE-SI 2014/2015"]
[Site "?"]
[Date "2014.11.15"]
[Round "3.5"]
[White "Horinka, Tomas"]
[Black "Gabris, Lubos"]
[Result "0-1"]
[WhiteElo "1000"]
[BlackElo "1000"]
[PlyCount "94"]
[EventDate "2014.??.??"]

1. e4 e6 2. Nc3 Nc6 3. d3 Nf6 4. Bg5 h6 5. Bh4 a6 6. Qd2 g5 7. Bg3 b5 8. a3 Bd6
9. f4 gxf4 10. Bxf4 Bxf4 11. Qxf4 e5 12. Qe3 Nd4 13. Kd1 Ng4 14. Qd2 Qg5 15.
Qe1 Ne3+ 16. Kd2 Ndxc2 17. Qd1 Nxd1+ 18. Kxc2 Ne3+ 19. Kb3 Nxf1 20. Rxf1 Qxg2
21. Nge2 d6 22. Rfg1 Qf3 23. Rf1 Qxd3 24. Rd1 Qc4+ 25. Kc2 Bg4 26. Rde1 Bxe2
27. Kd2 Bg4 28. h3 Bd7 29. Rhg1 Qd4+ 30. Kc2 Qf2+ 31. Kd1 Bxh3 32. Rh1 Bg4+ 33.
Kc1 Bf3 34. Rhf1 Qg2 35. Rg1 Qh3 36. Rh1 Qe6 37. Rhg1 Rb8 38. Ref1 Bh5 39. Rh1
Bg6 40. Rhg1 b4 41. axb4 Rxb4 42. Kc2 Qb3+ 43. Kd3 Qc4+ 44. Kc2 Bxe4+ 45. Kd2
Rxb2+ 46. Kd1 Qxc3 47. Rh1 Qd2# 0-1

[Event "SR 5. liga SE-SI 2014/2015"]
[Site "?"]
[Date "2014.11.15"]
[Round "3.6"]
[White "Zajicek, Ferdinand"]
[Black "Nemeckay, Rastislav"]
[Result "0-1"]
[WhiteElo "1836"]
[BlackElo "1985"]
[PlyCount "94"]
[EventDate "2014.??.??"]

1. e4 e5 2. Nf3 Nf6 3. Nc3 Nc6 4. Bc4 Be7 5. a3 O-O 6. O-O Nxe4 7. Nxe4 d5 8.
Bxd5 Qxd5 9. Nc3 Qd8 10. h3 Bf5 11. d3 Qd7 12. Re1 f6 13. Ne4 Nd4 14. Ng3 Be6
15. Be3 c5 16. Bxd4 cxd4 17. Qe2 Rfe8 18. Rac1 Rac8 19. Ne4 Bf8 20. g4 h6 21.
Qd2 Bxg4 22. Nxe5 Rxe5 23. hxg4 Qxg4+ 24. Ng3 Bd6 25. Rxe5 Bxe5 26. Qe2 Qg5 27.
Re1 Rc7 28. Kg2 h5 29. Qxh5 Qxh5 30. Nxh5 Rxc2 31. Kf3 Rxb2 32. Rg1 g5 33. Rf1
Rb3 34. Ke4 Rxa3 35. Rg1 Kf7 36. f4 Bxf4 37. Nxf4 gxf4 38. Rd1 Ra4 39. Kxf4 Ke6
40. Rb1 b6 41. Rb5 Ra5 42. Rb4 Rd5 43. Rb1 Kd6 44. Rh1 Kc5 45. Rc1+ Kb5 46. Ke4
Rd6 47. Rc4 a5 0-1

[Event "SR 5. liga SE-SI 2014/2015"]
[Site "?"]
[Date "2014.11.15"]
[Round "3.6"]
[White "Nemeckay, Dominik"]
[Black "Kanka, Tomas"]
[Result "1/2-1/2"]
[WhiteElo "1415"]
[BlackElo "1723"]
[PlyCount "49"]
[EventDate "2014.??.??"]

1. e4 e5 2. Nf3 Nc6 3. Bc4 Nf6 4. d3 Be7 5. Be3 O-O 6. Nbd2 d5 7. exd5 Nxd5 8.
O-O a6 9. Qe2 f5 10. Bg5 Bxg5 11. Nxg5 h6 12. Ngf3 Re8 13. Rfe1 Kh8 14. Rad1
Nf4 15. Qe3 Qf6 16. h3 b5 17. Bb3 Bb7 18. Qc5 Re7 19. Re3 Rae8 20. Rde1 Ng6 21.
Bd5 Nd8 22. Bxb7 Nxb7 23. Qc3 Nd6 24. Qb4 Nf4 25. Qc5 1/2-1/2

[Event "SR 5. liga SE-SI 2014/2015"]
[Site "?"]
[Date "2014.11.15"]
[Round "3.6"]
[White "Kastler, Peter"]
[Black "Simek, Adam"]
[Result "1-0"]
[WhiteElo "1757"]
[BlackElo "1060"]
[PlyCount "77"]
[EventDate "2014.??.??"]

1. d4 d5 2. c4 Nc6 3. Nc3 dxc4 4. e3 Be6 5. d5 Bxd5 6. Qxd5 Qxd5 7. Nxd5 O-O-O
8. Bxc4 e6 9. Nc3 Bb4 10. Nf3 e5 11. O-O Bxc3 12. bxc3 Nf6 13. Bxf7 e4 14. Ng5
h6 15. Be6+ Kb8 16. Nf7 Rde8 17. Nxh8 Rxe6 18. Rd1 Re8 19. Ng6 b5 20. Ba3 Re6
21. Nf4 Re8 22. Rab1 a6 23. c4 g5 24. cxb5 axb5 25. Rxb5+ Kc8 26. Nd5 Re5 27.
Rc5 Nb8 28. Nxf6 Rxc5 29. Bxc5 Na6 30. Bf8 Nb4 31. Bxb4 h5 32. Rc1 g4 33. Ba5
g3 34. Rxc7+ Kd8 35. Rh7+ Kc8 36. hxg3 h4 37. gxh4 Kb8 38. Kf1 Kc8 39. Ke2 1-0

[Event "SR 5. liga SE-SI 2014/2015"]
[Site "?"]
[Date "2014.11.15"]
[Round "3.6"]
[White "Nesnadny, Tomas"]
[Black "Papanek, Lubomir"]
[Result "0-1"]
[WhiteElo "1000"]
[BlackElo "1616"]
[PlyCount "96"]
[EventDate "2014.??.??"]

1. e4 e5 2. Bc4 Nf6 3. Nc3 d6 4. Nf3 Be7 5. O-O O-O 6. b3 Bg4 7. Bb2 Nc6 8. Nd5
Nxe4 9. Nxe7+ Qxe7 10. Bd3 Nf6 11. Be2 Nd5 12. h3 Bh5 13. Nh2 Bxe2 14. Qxe2 f5
15. c4 Nf4 16. Qf3 Ng6 17. Rae1 Qf7 18. d3 Rfe8 19. Qh5 Nf4 20. Qxf7+ Kxf7 21.
Re3 Re6 22. Nf3 h6 23. Bc1 Nb4 24. a3 Nbxd3 25. Nh4 g6 26. Bd2 Nc5 27. Re2
Nxe2+ 28. Kh2 h5 29. Re1 Nf4 30. b4 Ne4 31. Be3 Nd3 32. Rf1 f4 33. Bc1 Nxc1 34.
Rxc1 Nxf2 35. Rf1 Ne4 36. Rf3 Kf6 37. Rf1 g5 38. Nf3 g4 39. Nh4 Rg8 40. Re1 Ng5
41. Re2 e4 42. g3 Nf3+ 43. Nxf3 exf3 44. Rf2 Re2 45. Rxe2 fxe2 46. gxf4 e1=Q
47. hxg4 Rxg4 48. Kh3 Qg3# 0-1

[Event "SR 5. liga SE-SI 2014/2015"]
[Site "?"]
[Date "2014.11.15"]
[Round "3.6"]
[White "Mraz, Jan"]
[Black "Jankovic, Vit"]
[Result "1-0"]
[WhiteElo "1000"]
[BlackElo "1000"]
[PlyCount "73"]
[EventDate "2014.??.??"]

1. d4 d5 2. c4 c5 3. e3 Nc6 4. Nc3 Nf6 5. dxc5 e5 6. cxd5 Nb4 7. Qa4+ Nc6 8.
dxc6 bxc6 9. Qxc6+ Bd7 10. Qf3 Bg4 11. Qg3 Qc7 12. Bb5+ Ke7 13. Qxg4 Qxc5 14.
Qc4 Qd6 15. Nf3 Kd8 16. O-O Rc8 17. Qa4 Qc5 18. Rd1+ Bd6 19. b4 Qb6 20. Nxe5
Ke7 21. Nc4 Rxc4 22. Bxc4 Qb7 23. Ba3 Rd8 24. Nd5+ Kf8 25. Nxf6 gxf6 26. b5 Qc7
27. Bxd6+ Rxd6 28. Rxd6 Qxd6 29. Rd1 Qc7 30. h3 f5 31. Rd4 h5 32. Rh4 f4 33.
Rxf4 h4 34. Rxf7+ Ke8 35. Rxc7 a6 36. bxa6+ Kd8 37. Qd7# 1-0

[Event "SR 5. liga SE-SI 2014/2015"]
[Site "?"]
[Date "2014.11.29"]
[Round "4.1"]
[White "Tomasovic, Roman"]
[Black "Nemeckay, Dominik"]
[Result "1/2-1/2"]
[WhiteElo "1363"]
[BlackElo "1415"]
[PlyCount "44"]
[EventDate "2014.??.??"]

1. d4 d5 2. c4 c6 3. e3 Nf6 4. Nc3 Bf5 5. cxd5 cxd5 6. Bd3 Ne4 7. Nge2 e6 8.
O-O Nxc3 9. bxc3 Bxd3 10. Qxd3 Qc7 11. Rb1 Nd7 12. Bd2 Bd6 13. f4 Rb8 14. Rb3
O-O 15. Rfb1 b6 16. g4 Nf6 17. g5 Ne4 18. Kg2 f6 19. Ng3 Nxg3 20. hxg3 g6 21.
Rc1 Rfc8 22. Kf3 Qc4 1/2-1/2

[Event "SR 5. liga SE-SI 2014/2015"]
[Site "?"]
[Date "2014.11.29"]
[Round "4.1"]
[White "Drinka, Robert"]
[Black "Valigursky, Michal"]
[Result "0-1"]
[WhiteElo "1418"]
[BlackElo "1446"]
[PlyCount "68"]
[EventDate "2014.??.??"]

1. e4 e5 2. Nf3 Nc6 3. Bc4 Nf6 4. Nc3 Nxe4 5. Bxf7+ Kxf7 6. Nxe4 d5 7. Neg5+
Kg8 8. d3 h6 9. Nh3 Bg4 10. Nhg1 Qf6 11. h3 Bh5 12. g4 Bg6 13. Be3 e4 14. dxe4
Bxe4 15. c3 Re8 16. Rh2 Bd6 17. Rg2 g5 18. Kf1 Rf8 19. Bd4 Nxd4 20. Qxd4 Qxd4
21. Nxd4 Bxg2+ 22. Kxg2 Bc5 23. Ngf3 Re8 24. Re1 Rxe1 25. Nxe1 Bxd4 26. cxd4
Kf7 27. Nd3 Re8 28. Ne5+ Kf6 29. b4 Rxe5 30. dxe5+ Kxe5 31. Kf3 d4 32. Ke2 Kf4
33. Kd3 Kf3 34. Kxd4 Kxf2 0-1

[Event "SR 5. liga SE-SI 2014/2015"]
[Site "?"]
[Date "2014.11.29"]
[Round "4.1"]
[White "Vozarova, Adriana"]
[Black "Simek, Adam"]
[Result "1-0"]
[WhiteElo "1444"]
[BlackElo "1060"]
[PlyCount "35"]
[EventDate "2014.??.??"]

1. e4 e5 2. Nf3 Nc6 3. Bb5 d6 4. d4 a6 5. Bxc6+ bxc6 6. dxe5 f5 7. exf5 Bxf5 8.
O-O d5 9. Nc3 Qe7 10. Re1 Nh6 11. Ne2 Bg4 12. Ng3 Bxf3 13. Qxf3 Qb4 14. c3 Qh4
15. e6 Bd6 16. Bxh6 Qxh6 17. Qf7+ Kd8 18. Qd7# 1-0

[Event "SR 5. liga SE-SI 2014/2015"]
[Site "?"]
[Date "2014.11.29"]
[Round "4.1"]
[White "Nesnadny, Tomas"]
[Black "Tomasovic, Pavol"]
[Result "0-1"]
[WhiteElo "1000"]
[BlackElo "1284"]
[PlyCount "34"]
[EventDate "2014.??.??"]

1. e4 e6 2. Nc3 d5 3. d3 Nf6 4. Bd2 Bb4 5. Qe2 O-O 6. O-O-O c5 7. Na4 Qa5 8.
Bxb4 cxb4 9. b3 Bd7 10. Nb2 Qxa2 11. Na4 Bxa4 12. bxa4 Nc6 13. Nf3 Qa1+ 14. Kd2
Qc3+ 15. Kc1 b3 16. g3 Nb4 17. Qd2 Qa1# 0-1

[Event "SR 5. liga SE-SI 2014/2015"]
[Site "?"]
[Date "2014.11.29"]
[Round "4.1"]
[White "Valigursky, Martin"]
[Black "Jankovic, Vit"]
[Result "1/2-1/2"]
[WhiteElo "1000"]
[BlackElo "1000"]
[PlyCount "68"]
[EventDate "2014.??.??"]

1. e4 e5 2. Nf3 Nc6 3. Bc4 Bc5 4. Nxe5 Nxe5 5. d4 Nxc4 6. dxc5 d6 7. Qd4 Be6 8.
Qxg7 Qf6 9. Qxf6 Nxf6 10. b3 Ne5 11. cxd6 cxd6 12. Nd2 d5 13. Bb2 Ned7 14. exd5
Bxd5 15. f3 O-O-O 16. O-O-O Rde8 17. c4 Bc6 18. g4 Rhg8 19. Rhg1 Re6 20. g5 Nh5
21. h3 Nf4 22. Rde1 Rxe1+ 23. Rxe1 Nd3+ 24. Kd1 Nxe1 25. Kxe1 Nc5 26. Bc3 Re8+
27. Kf1 Nd3 28. b4 Re1+ 29. Kg2 Bd7 30. a3 Nf4+ 31. Kg3 Nh5+ 32. Kf2 Rc1 33.
Bd4 Rc2 34. Be3 Rc1 1/2-1/2

[Event "SR 5. liga SE-SI 2014/2015"]
[Site "?"]
[Date "2014.11.29"]
[Round "4.2"]
[White "Mysicka, Miroslav"]
[Black "Zajicek, Ferdinand"]
[Result "1/2-1/2"]
[WhiteElo "1801"]
[BlackElo "1836"]
[PlyCount "43"]
[EventDate "2014.??.??"]

1. e4 c5 2. Nf3 Nc6 3. Nc3 g6 4. g3 Bg7 5. Bg2 d6 6. O-O Nf6 7. d3 O-O 8. Re1
Ng4 9. h3 Nge5 10. Nxe5 Bxe5 11. Bh6 Bg7 12. Qd2 f5 13. exf5 Rxf5 14. Bxg7 Kxg7
15. Nd5 e5 16. c3 Be6 17. b4 Bxd5 18. Bxd5 cxb4 19. cxb4 Qd7 20. Kg2 Raf8 21.
Rac1 Ne7 22. Bb3 1/2-1/2

[Event "SR 5. liga SE-SI 2014/2015"]
[Site "?"]
[Date "2014.11.29"]
[Round "4.2"]
[White "Kanka, Tomas"]
[Black "Drozd, Jan"]
[Result "1/2-1/2"]
[WhiteElo "1723"]
[BlackElo "1509"]
[PlyCount "37"]
[EventDate "2014.??.??"]

1. e4 c5 2. Nf3 d6 3. d4 cxd4 4. Nxd4 Nf6 5. Nc3 g6 6. Be2 Bg7 7. O-O O-O 8.
Be3 a6 9. a3 e5 10. Nb3 Be6 11. Qd3 Qc7 12. Rad1 Rd8 13. Nc5 Nc6 14. N5a4 Qe7
15. Bb6 Rd7 16. Be3 Rdd8 17. Bb6 Rd7 18. Be3 Rdd8 19. Bb6 1/2-1/2

[Event "SR 5. liga SE-SI 2014/2015"]
[Site "?"]
[Date "2014.11.29"]
[Round "4.2"]
[White "Vasek, Rudolf"]
[Black "Kastler, Peter"]
[Result "0-1"]
[WhiteElo "1470"]
[BlackElo "1757"]
[PlyCount "76"]
[EventDate "2014.??.??"]

1. d4 d5 2. f4 Nf6 3. Nc3 Bf5 4. Nf3 h6 5. e3 e6 6. Bd3 Bxd3 7. Qxd3 Nbd7 8.
O-O c5 9. b3 a6 10. e4 dxe4 11. Nxe4 cxd4 12. Nxf6+ Nxf6 13. Bb2 Be7 14. Rad1
O-O 15. Qxd4 Qc7 16. b4 Qxc2 17. Rc1 Qe4 18. a3 Qxd4+ 19. Bxd4 Nd5 20. g3 Bf6
21. Bxf6 gxf6 22. Rfe1 Rac8 23. Kf2 Nb6 24. Nd2 Rfd8 25. Ke2 Kf8 26. Rxc8 Rxc8
27. Kd3 Ke7 28. Rb1 Nd5 29. Ne4 b6 30. Rb3 Rd8 31. Ke2 Rc8 32. Kd2 f5 33. Nc3
Nxc3 34. Rxc3 Rxc3 35. Kxc3 b5 36. Kd4 Kd6 37. h3 h5 38. Kd3 Kd5 0-1

[Event "SR 5. liga SE-SI 2014/2015"]
[Site "?"]
[Date "2014.11.29"]
[Round "4.2"]
[White "Papanek, Lubomir"]
[Black "Lauko, Tomas"]
[Result "0-1"]
[WhiteElo "1616"]
[BlackElo "1476"]
[PlyCount "82"]
[EventDate "2014.??.??"]

1. e4 d5 2. exd5 Qxd5 3. Nc3 Qa5 4. d4 Bf5 5. Bd2 e6 6. Nb5 Qb6 7. Bf4 Bd6 8.
Nxd6+ cxd6 9. Bc1 Nf6 10. Bd3 Bg6 11. Rb1 Qa5+ 12. Bd2 Qxa2 13. Ne2 Bxd3 14.
cxd3 Qd5 15. O-O Nc6 16. Bc3 a5 17. Nf4 Qf5 18. Ne2 b5 19. Ng3 Qd5 20. Re1 b4
21. Bd2 Nxd4 22. Qa4+ Qb5 23. Qd1 Qxd3 24. Re3 Qc2 25. Qe1 O-O 26. b3 Qg6 27.
Qd1 Nc2 28. Rf3 Rfc8 29. Ne2 Ne4 30. Nf4 Qg5 31. Bc1 Qc5 32. Bb2 Ra7 33. Nd3
Qb6 34. Rh3 e5 35. Qg4 Qc6 36. Qh5 Nf6 37. Qf5 Nd4 38. Qg5 Ne2+ 39. Kf1 Rac7
40. Kxe2 Qc2+ 41. Qd2 Qxb1 0-1